Les linguistiques de corpus
Kaydedildi:
| Asıl Yazarlar: | , , |
|---|---|
| Materyal Türü: | Kitap |
| Dil: | Fransızca |
| Baskı/Yayın Bilgisi: |
París
Armand Colin
1997
|
| Seri Bilgileri: | Collection U. Linguistique
|
| Konular: | |
| Etiketler: |
Etiketle
Etiket eklenmemiş, İlk siz ekleyin!
|
MARC
| LEADER | 00000nam a2200000 a 4500 | ||
|---|---|---|---|
| 001 | UCK7973 | ||
| 003 | CL-VaPUC | ||
| 008 | 060105e19970000FR |||||||||||||||||fre|d | ||
| 020 | |a 2200017758 | ||
| 082 | 0 | 4 | |a 401.285 |b HAB |2 21 |
| 100 | 0 | |a Habert, Benoit |e author |9 497712 | |
| 700 | 0 | |a Nazarenko, Adeline |e author |9 497713 | |
| 700 | 0 | |a Salem, André |e author |9 497714 | |
| 245 | 1 | 4 | |a Les linguistiques de corpus |
| 300 | |a 240 p | ||
| 942 | |c BK | ||
| 945 | |d 20060105 00:00:00 |a cmena | ||
| 260 | |a París |b Armand Colin |c 1997 | ||
| 650 | 7 | |a LINGUISTICA COMPUTACIONAL |2 CL-VaPUC |9 497715 | |
| 650 | 0 | |a Investigación lingüística |9 329785 | |
| 650 | 0 | |a Programación de computadores |9 259531 | |
| 650 | 0 | |a Análisis del discurso |9 256696 | |
| 650 | 0 | |a Filosofía del lenguaje |9 257082 | |
| 583 | |a last modification |c 20060105 00:00:00 |k Rodrigo Vera | ||
| 490 | 0 | |a Collection U. Linguistique | |
| 999 | |c 315811 |d 315809 | ||
| 952 | |0 0 |1 0 |4 0 |6 401_285000000000000_HAB_1997 |7 0 |8 A |9 389585 |a FDOPOS |b FDOPOS |d 2019-11-22 |i 4199952 |o 401.285 HAB 1997 |p 4199952 |r 2025-01-22 |w 2019-11-22 |y BK |k MLA | ||